Hayır de! (Record no. 17742)
[ view plain ]
| 000 -LEADER | |
|---|---|
| fixed length control field | 00906nmm a2200289 a 4500 |
| 001 - CONTROL NUMBER | |
| control field | ocm0001916822 |
| 003 - CONTROL NUMBER IDENTIFIER | |
| control field | TR-IsHL |
| 005 - DATE AND TIME OF LATEST TRANSACTION | |
| control field | 20201028173537.0 |
| 008 - FIXED-LENGTH DATA ELEMENTS--GENERAL INFORMATION | |
| fixed length control field | 180911s2017 tu tur |
| 007 - PHYSICAL DESCRIPTION FIXED FIELD--GENERAL INFORMATION | |
| fixed length control field | cr cn |
| 020 ## - INTERNATIONAL STANDARD BOOK NUMBER | |
| International Standard Book Number | 9786051722047 |
| 035 ## - SYSTEM CONTROL NUMBER | |
| System control number | 1916822 |
| -- | (N$T) |
| 050 04 - LIBRARY OF CONGRESS CALL NUMBER | |
| Classification number | PT2603.O725 |
| Item number | H3 2017 |
| 090 04 - LOCALLY ASSIGNED LC-TYPE CALL NUMBER (OCLC); LOCAL CALL NUMBER (RLIN) | |
| Classification number (OCLC) (R) ; Classification number, CALL (RLIN) (NR) | PT2603.O725 |
| Local cutter number (OCLC) ; Book number/undivided call number, CALL (RLIN) | H3 2017 |
| 100 1# - MAIN ENTRY--PERSONAL NAME | |
| Personal name | Borchert, Wolfgang |
| 245 10 - TITLE STATEMENT | |
| Title | Hayır de! |
| Medium | [electronic resource] / |
| Statement of responsibility, etc. | Wolfgang Borchert ; Türkçesi Celal Üster |
| 250 ## - EDITION STATEMENT | |
| Edition statement | 1. basım |
| 260 ## - PUBLICATION, DISTRIBUTION, ETC. | |
| Place of publication, distribution, etc. | İstanbul : |
| Name of publisher, distributor, etc. | Yordam Kitap, |
| Date of publication, distribution, etc. | 2017 |
| 300 ## - PHYSICAL DESCRIPTION | |
| Extent | 46 p. |
| 650 #4 - SUBJECT ADDED ENTRY--TOPICAL TERM | |
| Topical term or geographic name entry element | Dil ve Edebiyat |
| 650 #4 - SUBJECT ADDED ENTRY--TOPICAL TERM | |
| Topical term or geographic name entry element | Language and Literature |
| 650 #0 - SUBJECT ADDED ENTRY--TOPICAL TERM | |
| Topical term or geographic name entry element | Alman romanı |
| 650 #0 - SUBJECT ADDED ENTRY--TOPICAL TERM | |
| Topical term or geographic name entry element | German fiction |
| 650 #7 - SUBJECT ADDED ENTRY--TOPICAL TERM | |
| Topical term or geographic name entry element | LITERARY COLLECTIONS / European / German |
| Source of heading or term | bisacsh |
| 700 1# - ADDED ENTRY--PERSONAL NAME | |
| Personal name | Üster, Celal |
| 856 40 - ELECTRONIC LOCATION AND ACCESS | |
| Uniform Resource Identifier | <a href="http://search.ebscohost.com/login.aspx?direct=true&scope=site&db=e011xww&AN=1916822">http://search.ebscohost.com/login.aspx?direct=true&scope=site&db=e011xww&AN=1916822</a> |
No items available.
